000 00270nam a22001217a 4500
082 _a823
_bRAI/P
245 _aPANCHTANTRA STORIES
260 _aDELHI
_bRAINBOW BOOKS
300 _a16
520 _aENGLISH SHORT STORY
650 _aENGLISH SHORT STORY
_zDELHI
942 _cBK
999 _c5554
_d5554